000 00530nam a2200181Ia 4500
005 20250326141242.0
008 250326s9999 xx 000 0 und d
037 _aTextbook
040 _aFMSL
_beng
_cFMSL
041 _aeng
_2eng
084 _qFMSL
100 _aSrivastava S C
245 0 _aLabour law in factories, mines plantations transport shops and other industrial
_cSrivastava S C
260 _aNew Delhi
_bNew Delhi, Prentice Hall of India
_c1992
300 _a491p
942 _cTB
999 _c1289437
_d1289437